| 000 | 00693nam a2200229 4500 | ||
|---|---|---|---|
| 008 | 221014b |||||||| |||| 00| 0 eng d | ||
| 017 | _a2018-1736 | ||
| 018 | _a03-07-2018 | ||
| 020 | _a9789785412833 | ||
| 040 |
_aNLN _bENG |
||
| 050 |
_aHF5001.N685 _bA973 |
||
| 082 | _a650.09669 | ||
| 100 |
_aAYAGA, Dennis _eaut _919181 |
||
| 245 |
_aIntroduction to business / _cDennis Ayaga |
||
| 260 |
_aMakuridi, Benue state (43, New Bridge (Otukpo) Road, P. O Box 4957): _bGwatex publishers, _c2016 |
||
| 300 |
_axv,143p. ; _b22cm. |
||
| 500 | _aBibliography: P.129-139 | ||
| 563 | _a(PBK) | ||
| 650 |
_aBusiness _vNigeria _919182 |
||
| 650 |
_aBusiness enterprises _vNigeria _913167 |
||
| 942 | _cBK | ||
| 999 |
_c9711 _d9711 |
||